| 000 | 00921cam a2200277 i 4500 | ||
|---|---|---|---|
| 001 | 17857118 | ||
| 003 | EG-ScBUE | ||
| 005 | 20230329115332.0 | ||
| 008 | 130819s2014 maua f 001 0 eng d | ||
| 020 | _a9780240817910 (pbk.) | ||
| 040 |
_aDLC _beng _erda _cDLC _dDLC _dEG-ScBUE |
||
| 082 | 0 | 4 |
_a778.53 _222 _bSTU |
| 100 | 1 |
_aStump, David, _eauthor. _938155 |
|
| 245 | 1 | 0 |
_aDigital cinematography : _bfundamentals, tools, techniques, and workflows / _cDavid Stump, ASC. |
| 264 | 1 |
_aBurlington ; _aOxon : _bFocal Press / Taylor & Francis Group, _c2014. |
|
| 300 |
_axxxiii, 459 pages : _bcolor illustrations ; _c24 cm |
||
| 336 |
_2rdacontent _atext _btxt |
||
| 337 |
_2rdamedia _aunmediated _bn |
||
| 338 |
_2rdacarrier _avolume _bnc |
||
| 500 | _aIncludes index. | ||
| 650 | 7 |
_aDigital cinematography. _2BUEsh |
|
| 651 | _2BUEsh | ||
| 653 |
_bCOMAME _cJune2015 |
||
| 655 | _vReading book | ||
| 942 |
_2ddc _k778.53 STU _cBB |
||
| 999 |
_c19582 _d19554 |
||